| 000 | 00527cam a2200205 i 4500 | ||
|---|---|---|---|
| 001 | 3701214 | ||
| 005 | 20180118092705.0 | ||
| 008 | 801110s1980 ilua 000 0 eng | ||
| 010 | _a 79066820 | ||
| 020 |
_a0842358757 (pbk.) : _c$2.95 |
||
| 040 |
_aDLC _cDLC _dDLC |
||
| 041 | _aeng | ||
| 080 | _a001.51 PAU | ||
| 082 | 0 | 0 |
_a001.51 PAU _219 |
| 100 | 1 | _a52 | |
| 101 | _aECO | ||
| 245 | 1 | 0 |
_a7 keys to maximum communication / _cPaul A. Cedar. |
| 906 |
_a7 _bcbc _corignew _d2 _eopcn _f19 _gy-gencatlg |
||
| 942 |
_2ddc _cBK |
||
| 999 |
_c40507 _d40507 |
||